000 00258nam a2200097Ia 4500
001 1099625
005 20250827003137.0
008 250824s9999 xx 000 0 und d
245 0 _aBYE BYE TÜRKÇE
_cOKTAY SİNANOĞLU
260 _bBİLİM GÖNÜL YAYINLARI
999 _c1099625
_d1099625